Allied WW2 Bombers - Statistics

General Stats
  • This quiz has been taken 123 times
  • The average score is 10 of 15
Answer Stats
Hint Answer % Correct
Martin B-10
97%
Boeing B-17
97%
Consolidated B-24
97%
North American B-25
97%
Martin B-26
97%
Boeing B-29
97%
Consolidated B-32
97%
Avro Lancaster
72%
Douglas A-20
42%
Douglas A-26
42%
Handley Page Halifax
33%
Douglas SBD
33%
Grumman TBF
23%
Douglas TBD
22%
Curtiss SB2C
19%
No matching quizzes found
Score Distribution
Percent of People with Each Score
Percentile by Number Answered
Your Score History
You have not taken this quiz